LEADER 00966nam a2200229 i 4500 001 000000141726 003 CaOOAMICUS 005 20050728000000.0 008 050728s1988 it u000 u ita u 013 $a116454 040 $aSeMil$bita 100 1 $aDulbecco, Renato <1914-2012>.$0(OLS)http://semarc/name/8183 245 10$aIngegneri della vita :$b[medicina e morale nell'era del DNA] /$cRenato Dulbecco con Riccardo Chiaberge. 260 $aMilano :$bCDE,$ccopyr. 1988. 300 $a158 p. ;$c21 cm. 650 4$aMedicina e morale.$0(OLS)http://semarc/subject/27043 700 1 $aChiaberge, Riccardo.$0(OLS)http://semarc/name/56960 850 $aSeMil 852 $aSeMil$W1$xVenegono$y1$m909 3 *$j94944$B94944$CSeMilBibl$Z2$F101451 $81 961 $aLascito: Corradi mons. Enrico 996 $6245$aIngegneri della vita :$b[medicina e morale nell'era del DNA]$9(OLS)http://semarc/title/207167 996 $6260$aMilano :$bCDE$9(OLS)http://semarc/publisher/34681 LEADER 01021nam a2200241 i 4500 001 000000129605 003 CaOOAMICUS 005 20070702000000.0 008 070702s1943 sp u000 u spa u 013 $a102338 040 $aSeMil$bita 100 1 $aDurán Y Sanpere, A.$0(OLS)http://semarc/name/53724 245 13$aLa Fiesta del Corpus /$cA. Durán Y Sanpere. 260 $aBarcelona :$bAyma,$c1943. 300 $a79 p., [44] p. di tav. :$bill. ;$c19 cm. 500 $aIn testa al front. : Barcelona Histórica y Monumental. - Contiene : Indicaciones bibliográficas por orden cronológico. - Fondo card. C.M. Martini. 650 4$aCorpus Domini .$0(OLS)http://semarc/subject/13735 850 $aSeMil 852 $aSeMil$W1$xVenegono$y1$m3K III 158$j83718$B83718$CSeMilBibl$Z2$F125446 $81 941 1 $a4 961 $aOmaggio: Martini Card. Carlo Maria 996 $6245$aLa Fiesta del Corpus$9(OLS)http://semarc/title/191230 996 $6260$aBarcelona :$bAyma$9(OLS)http://semarc/publisher/46609